000
00346nam a2200157Ia 4500
008
230524s9999 xx 000 0 und d
020
_a
8170292565
082
_b
KAN
100
_a
Y.Kanitkar
245
0
_a
C Projects
260
_a
NEW DELHI
_b
BPB
_c
1999
300
_a
XI;596
500
_a
Quantity Number: 5
650
_a
Comp-Sc
942
_c
BK
999
_c
4827
_d
4827